000 01316nam a2200361 i 4500
001 000008734
003 DO-SdBNP
005 20250807143718.0
007 ta
008 090918m19821986dr rn 000 mdspa d
040 _aDO-SdBNP
_bspa
_cDO-SdBNP
_erda
041 _aspa
082 4 _aRD860.9
_bC762h
_222
100 1 _aContín Aybar, Néstor,
_d1909 -2001
_eautor
_4aut.
_910408
245 1 0 _aHistoria de la literatura dominicana /
_cNéstor Contín Aybar.
264 4 _aSan Pedro de Macorís, República Dominicana :
_bUniversidad Central del Este,
_c©1982-1986.
300 _avolúmenes ;
_c23 cm.
336 _atexto
_btxt
_2rdacontent
337 _asin mediación
_bn
_2rdamedia
338 _avolumen
_bnc
_2rdacarrier
490 1 _aColección Universidad Central del Este ;
_v45-54
490 1 _aSerie Literaria
_v10-12
500 _a Incluye referencias bibliográficas y notas al pie de las páginas.
500 _aIncluye índice
504 _a
590 _aInventariado, 2025/BT
650 4 _aLiteratura dominicana
_xHistoria y crítica
_9159
_2
650 4 _aLiteratos dominicanos
_vBiografías
_977645
830 0 _aColección Universidad Central del Este ;
_n45-53
_pSerie Literaria 10-12
_986965
910 _aVMateo / Validado. Control de calidad. EMS
942 _2ddc
_cLBS1
956 _a
999 _c8504
_d8504